000 00310 a2200145 4500
001 180037
020 _a
040 _cMagnum
100 _aDiaféria, Lourenço
240 1 0 _aO empinador de estrela
_lpor
245 1 0 _aO empinador de estrela
362 0 _a1899
697 _aMAGNITO: J/GERAL
942 _cBK
999 _c180037
_d180037